Country report non-discrimination Transposition and implementation at national level of Council Directives 2000/43 and 2000/78: Denmark 2020 /

Detalles Bibliográficos
Autor principal: Justesen, Pia
Formato: eBook
Lenguaje:inglés
Publicado: Bruselas: European Union Publications Office, 2020
Materias:
Acceso en línea:Acceso restringido

MARC

LEADER 00000nam a22000007a 4500
005 20210826120739.0
007 cr|||| ||||
008 210826s2020 eu |||||s|||| 00||0 eng d
020 |a 978-92-76-19734-8 
035 |a 34343 
040 |a vLex 
090 |c 12137  |d 12137 
100 1 |a Justesen, Pia 
245 1 0 |a Country report non-discrimination  |h [Recurso electrn̤ico] :  |b Transposition and implementation at national level of Council Directives 2000/43 and 2000/78: Denmark 2020 /  |c Pia Justesen 
256 |a Servicio en ln̕ea 
260 |a Bruselas:  |b European Union Publications Office,  |c 2020 
300 |a 1 recurso electrn̤ico 
500 |a In the 1960s and 1970s, the Danish Parliament debated whether legislation on discrimination in the labour market due to race, religion and other grounds should be enacted. The social partners, i.e. employersþ organisations and employeesþ organisations in the labour market rejected the proposal, arguing that Denmark had a tradition of collective agreements rather than legislation in the labour market. As no such collective agreements on anti-discrimination were concluded, victims of discrimination on grounds of race, ethnicity, sexual orientation and religion were not protected until 1996, when anti-discrimination legislation was finally enacted. A prohibition of discrimination based on age and disability was adopted in 2004. Up until the 1960s and 1970s the Danish population was relatively homogeneous, and the majority were members of the Evangelical Lutheran Church by conviction, tradition and/or culture. With new groups of migrant workers and the arrival of different groups of refugees, this picture has changed. During the last 50 years, Denmark has become a much more multicultural and multi-ethnic country. The domestic debate on whether and to what extent international human rights obligations should be followed can be quite fierce. Many politicians are sceptical about the limitations that international obligations impose on their legislative power. In particular, there has been a growing emphasis on encouraging immigrants and descendants from third countries to explicitly sign up to ‘basic Danish values’. In Denmark, the requirement to adapt and assimilate as understood by officials and the general public is stronger than in some of its neighbouring countries. In general, the various anti-discrimination acts do not apply to the Faroe Islands and Greenland. 
506 1 |a Disponible solo en los productos indicados  |d vLex Global  |d vLex Global (Academic Edition, excluding Law Schools)  |d vLex Global (U.S. Academic Edition, Law Schools)  |d vLex Global (U.S. Academic Edition, excluding Law Schools)  |d vLex Global (Academic Edition, Law Schools) 
650 0 4 |a Derecho Constitucional  |z Unin̤ Europea 
740 0 |a vLex Libros (Servicio en ln̕ea) 
856 4 0 |u https://app.vlex.com/#/sources/34343  |z Acceso restringido 
942 |c BOOK 
999 0 |a Constitutional right